Music Quiz

Random Music or Bands Quiz

Band and Musician Keychains Quiz Stats

 Plays Quiz Updated Oct 4, 2016

Also try: Landmark Keychains
Challenge
Share
Tweet
Score 0/20 Timer 05:00
0 Plays Today
% Correct
The Beatles
97.4%
Bob Marley
94.7%
Dolly Parton
87%
Jimi Hendrix
84.5%
Pink Floyd
84.4%
Slash
84.1%
Eminem
81.2%
Michael Jackson
78%
Lady Gaga
76.8%
Prince
76.4%
% Correct
Van Halen
70%
Tom Petty
69.2%
Nirvana
68.5%
Red Hot Chili Peppers
62.2%
Foo Fighters
55.7%
Led Zeppelin
46.9%
Metallica
43.2%
Marvin Gaye
41.8%
blink-182
31%
Radiohead
22%

You're not logged in!

Compare scores with friends on all Sporcle quizzes.
OR
Log In

You Might Also Like...

Show Comments

Extras

Top Quizzes Today


Score Distribution

Your Account Isn't Verified!

In order to create a playlist on Sporcle, you need to verify the email address you used during registration. Go to your Sporcle Settings to finish the process.

Report this User

Report this user for behavior that violates our Community Guidelines.

Details: